Financial accounting: a global perspective. (5th ed.) (Record no. 43322)

MARC details
000 -LEADER
fixed length control field 00800nam a2200217 a 4500
008 - FIXED-LENGTH DATA ELEMENTS--GENERAL INFORMATION
fixed length control field 100323s2007 ||||||||||||||||| || u
020 ## - INTERNATIONAL STANDARD BOOK NUMBER
International Standard Book Number 9780071106931
050 ## - LIBRARY OF CONGRESS CALL NUMBER
Classification number HF 5635 Sho
100 ## - MAIN ENTRY--PERSONAL NAME
Personal name Libby, Robert
245 10 - TITLE STATEMENT
Title Financial accounting: a global perspective. (5th ed.)
Statement of responsibility, etc. Daniel G. Short; Robert Libby; Patricia A. Libby
250 ## - EDITION STATEMENT
Edition statement 5th ed.
260 ## - PUBLICATION, DISTRIBUTION, ETC.
Place of publication, distribution, etc. Boston:
Name of publisher, distributor, etc. McGraw-Hill
Date of publication, distribution, etc. 2007
300 ## - PHYSICAL DESCRIPTION
Extent xxxi, 756p: ill.
350 ## - PRICE (NR) (BK AM CF MU VM SE) [OBSOLETE]
Price 0.00
650 #0 - SUBJECT ADDED ENTRY--TOPICAL TERM
Topical term or geographic name entry element ACCOUNTING--HANDBOOKS, MANUALS, ETC
650 ## - SUBJECT ADDED ENTRY--TOPICAL TERM
Topical term or geographic name entry element CORPORATIONS--ACCOUNTING
650 #0 - SUBJECT ADDED ENTRY--TOPICAL TERM
Topical term or geographic name entry element FINANCIAL STATEMENTS
700 ## - ADDED ENTRY--PERSONAL NAME
Personal name Libby, Patricia A
700 ## - ADDED ENTRY--PERSONAL NAME
Personal name Short, Daniel G
995 ## - RECOMMENDATION 995 [LOCAL, UNIMARC FRANCE]
-- 0.00
-- CBU-MAIN LIBRARY (Kitwe)
-- 1
-- 0.00
-- 1
-- DAMAGED
-- Apr 27, 2010
-- Main Library Open Access Collection
Holdings
Withdrawn status Lost status Source of classification or shelving scheme Damaged status Not for loan Home library Current library Shelving location Date acquired Total Checkouts Full call number Barcode Date last seen Price effective from Koha item type
          CBU-MAIN LIBRARY, KITWE. CBU-MAIN LIBRARY, KITWE.   11/30/2022   HF 5635 Sho 741231 11/30/2022 11/30/2022 MONOGRAPH